| 000 | 01045nam a2200265 i 4500 | ||
|---|---|---|---|
| 001 | 180870 | ||
| 003 | ES-MaACL | ||
| 005 | 20250815001711.0 | ||
| 008 | 120725s2011 sp ap |||| | spa d | ||
| 020 | _a978-84-614-9683-9 | ||
| 080 | _a629.5(091) | ||
| 080 | _a355.49(091) | ||
| 100 | 1 |
_aMaestro, Manuel. _975409 |
|
| 245 | 1 | 0 |
_aAtlas cronológico de la historia y cultura marítima / _cManuel Maestro. |
| 260 |
_aMadrid : _bLetras del Mar, _c[2011] |
||
| 300 |
_a711 p. : _bil. ; _c24 cm. |
||
| 504 | _aBibliografía: p. 698-706. | ||
| 505 | 8 | _aContiene: Parte 1. Cronología: La historia y cultura marítima a través de los tiempos - Parte 2. Efemérides: La historia y la cultura marítima evocadas a diario | |
| 650 | 0 | 7 |
_aNavegación- _vHistoria. _915500 |
| 650 | 7 |
_aHistoria naval _2embne _9142957 |
|
| 852 |
_aES-MaACL _jA-12155 _9187747 _bR.147056 _cDEPO1 _dOlim: N-5160 _zDedicatoria autógrafa del autor _xDonación: Juan M. García |
||
| 903 |
_aJuan M. García _ednr |
||
| 942 |
_2udc _cMONOGRAFIA |
||
| 999 |
_c180870 _d180870 |
||